Óriások útja [vers] /
Elmentve itt :
| Szerző: | |
|---|---|
| További közreműködők: | |
| Dokumentumtípus: | Cikk |
| Megjelent: |
1951
|
| Sorozat: | Tiszatáj
5 No. 1 |
| Kulcsszavak: | Orosz irodalom - vers |
| Online Access: | http://tiszataj.bibl.u-szeged.hu/2878 |
| LEADER | 00586nab a2200193 i 4500 | ||
|---|---|---|---|
| 001 | tisza2878 | ||
| 005 | 20200330114727.0 | ||
| 008 | 161026s1951 hu o 0|| hun d | ||
| 022 | |a 0133-1167 | ||
| 040 | |a SZTE Tiszatáj Archívum |b hun | ||
| 041 | |a hun | ||
| 100 | 1 | |a Bednyj Dem'ân | |
| 245 | 1 | 0 | |a Óriások útja |h [elektronikus dokumentum] : |b [vers] / |c Bednyj Dem'ân |
| 260 | |c 1951 | ||
| 300 | |a 19 | ||
| 490 | 0 | |a Tiszatáj |v 5 No. 1 | |
| 695 | |a Orosz irodalom - vers | ||
| 700 | 0 | 1 | |a Szily Ernő |
| 856 | 4 | 0 | |u http://tiszataj.bibl.u-szeged.hu/2878/1/tiszataj_1951_001_19.pdf |z Dokumentum-elérés |